000
002740000a22000970004500
100
1
_a
Jáuregui, José Antonio
245
1
0
_a
Panorama de la evolución de los estudios lucanos
300
_a
vol. 61, núm 3 (2003), Páginas 351-398
773
0
_t
Estudios Bíblicos
942
_c
ANA
999
_c
50323
_d
50323